000 00916nam a2200253Ia 4500
003 OSt
005 20220923225006.0
006 a|||||r|||| 00| 0
007 ta
008 ORI
024 _a254,810
037 _cTextual
040 _aARTS
_cARTS
_bORI
041 _2ORI
_aORI
082 _aO1591,3NMA,GH, 152N2
100 _aमहापात्र, नित्यानन्द; पुरोहित, शंकर लाल, अनु.
_9168293
245 0 _aघरडीह
246 _aGharaḍīha
260 _aनई दिल्ली
_b साहित्य अकादेमी
_c1992
300 _a375पृ0
_ccm.
650 _aउड़िया साहित्य
_9156264
942 _hO1591,3NMA,GH, 152N2
_cTEXL
_2CC
999 _c375279
_d375279